Statistics for Horrible Histories Song by Lyrics

Click here to take the quiz!

General Stats

  • This quiz has been taken 11 times
  • The average score is 2 of 9

Answer Stats

LyricsAnswer% Correct
Georges, 1, 3, 4 and 2Born 2 Rule
86%
I got flare when I fight a bear!Celtic Boast Battle
43%
Beating Jerry - our one desire!The Few | RAF Pilots Song
29%
If truth were known, love is blindShakespeare and the Quills
14%
But all this frightful war could do, was set up WWIIWorld War One Cousins
14%
.. Turned us into... ANARCHISTS!!!!!Luddites!
14%
Skiddly bop dooa, brush up on your Stone AgeThe Ages of Stone
14%
You do realise it's actually gone outFlame | It's Going to Burn Forever
14%
Why is it called civil? May I kill you? Sure!The English Civil War Song
14%

Score Distribution

Percentile by Number Answered

Percent of People with Each Score

Your Score History

You have not taken this quiz